Statistics for Famous Europeans

Click here to take the quiz!

General Stats

  • This quiz has been taken 102 times
  • The average score is 8 of 16

Answer Stats

Answer% Correct
Ludwig van Beethoven
85%
Vladimir Lenin
82%
Marie Curie
81%
Queen Victoria
80%
Nikola Tesla
60%
Tom Jones
59%
Gérard Depardieu
49%
Idris Elba
47%
Socrates
44%
Pablo Picasso
40%
Oliver Cromwell
35%
Galileo Galilei
32%
Naomi Campbell
31%
Lech Wałęsa
25%
Emperor Franz Joseph
18%
Paul Gauguin
17%

Score Distribution

Percentile by Number Answered

Percent of People with Each Score

Your Score History

You have not taken this quiz